000 00609nam a2200205Ia 4500
005 20250508170137.0
008 008 250505s9999 xx 000 0 eng d
020 _a81-246-0205-3
037 _aTextBook
040 _aFEDL
_beng
_cFEDL
041 _aeng
_2eng
084 _a303.44, SAR/R
_qFEDL
100 _aSaraswati Baidyanath Ed.
245 0 _aInterface of cultural identity and development
260 _aNew Delhi, India
_bIndira Gandhi National Centre for the Arts
_c1996
300 _axxi, 290p.
365 _aINR
_b600
942 _cTB
_h303.44, SAR/R
999 _c1399436
_d1399436